| 000 | 00555nam a22001937a 4500 | ||
|---|---|---|---|
| 005 | 20251108172229.0 | ||
| 008 | 250721s1981 xx 000 0 ara d | ||
| 082 | 1 | 4 | _aم/944.04/إلي |
| 100 | 1 | _aالحويك، إلياس طنوس | |
| 245 | 1 | 0 | _aتاريخ نابليون الأول / |
| 264 | 1 |
_aبيروت : _bدار و مكتبة الهلال، _c1981. |
|
| 300 | _a3مج | ||
| 650 | 1 | 7 | _aفرنسا |
| 650 | 1 | 7 | _aالتاريخ السياسي |
| 650 | 1 | 7 | _aالثورات |
| 650 | 1 | 7 | _aالتراجم |
| 942 |
_2ddc _cREF |
||
| 999 |
_c73731 _d73731 |
||